Administración (Registro nro. 7238)
[ vista simple ]
| 000 -LEADER | |
|---|---|
| fixed length control field | 01574 a2200253 4500 |
| 001 - CONTROL NUMBER | |
| control field | 61134 |
| 005 - DATE AND TIME OF LATEST TRANSACTION | |
| control field | 20260407155902.0 |
| 008 - FIXED-LENGTH DATA ELEMENTS--GENERAL INFORMATION | |
| fixed length control field | 260407a1996 arg spa d |
| 003 - CONTROL NUMBER IDENTIFIER | |
| control field | AR-UNSa-BCEJYS |
| 040 ## - CATALOGING SOURCE | |
| Original cataloging agency | AR-UNSa-BCEJYS |
| Language of cataloging | spa |
| Transcribing agency | AR-UNSa-BCEJYS |
| 080 ## - UNIVERSAL DECIMAL CLASSIFICATION NUMBER | |
| Universal Decimal Classification number | 658 |
| Common auxiliary subdivision | Administración de empresas. Organización comercial |
| 020 ## - INTERNATIONAL STANDARD BOOK NUMBER | |
| International Standard Book Number | 978-968-880-705-7 |
| 041 ## - LANGUAGE CODE | |
| Language code of text/sound track or separate title | spa |
| 100 1# - MAIN ENTRY--PERSONAL NAME | |
| Personal name | Robbins, Stephen P. |
| 245 10 - TITLE STATEMENT | |
| Title | Administración |
| 250 ## - EDITION STATEMENT | |
| Edition statement | 5a. ed. |
| 264 #1 - PRODUCTION, PUBLICATION, DISTRIBUTION, MANUFACTURE, AND COPYRIGHT NOTICE | |
| Place of production, publication, distribution, manufacture | México : |
| Name of producer, publisher, distributor, manufacturer | Prentice-Hall Hispanoamericana |
| Date of production, publication, distribution, manufacture, or copyright notice | 1996 |
| 300 ## - PHYSICAL DESCRIPTION | |
| Extent | xxiv, 770 p. |
| Dimensions | 25 cm. |
| 505 ## - FORMATTED CONTENTS NOTE | |
| Formatted contents note | 1. Los gerentes y la administración - 2. La evolución de la administración – 3. La cultura organizacional y el entorno: Las restricciones – 4. Administración en un entorno global – 5. Responsabilidad social y ética gerencial – 6. Toma de decisiones: La esencia de la labor del gerente – 7. Fundamentos de la planificación – 8. Administración estratégica – 9. Herramientas y técnicas de planificación – 10. Estructura y diseño de la organización – 11. Administración de recursos humanos – 12. Administración del cambio y la innovación – 13. Fundamentos del comportamiento – 14. Estudio de grupos y equipos – 15. Cómo motivar a los empleados – 16. Liderazgo – 17. Comunicación y habilidades interpersonales – 18. Fundamentos del control – 19. Administración de operaciones – 20. Herramientas y técnicas de control - |
| 590 ## - LOCAL NOTE (RLIN) | |
| Local note | niveau_biblio:m niveau_hierar:0 |
| 700 1# - ADDED ENTRY--PERSONAL NAME | |
| Personal name | Coulter, Mary |
| 700 1# - ADDED ENTRY--PERSONAL NAME | |
| Personal name | Ortiz Staines, Manuel |
| 942 ## - ADDED ENTRY ELEMENTS (KOHA) | |
| Koha item type | |
| Withdrawn status | Lost status | Damaged status | Not for loan | Home library | Current library | Shelving location | Date acquired | Total checkouts | Full call number | Barcode | Date last seen | Price effective from | Koha item type | Public note |
|---|---|---|---|---|---|---|---|---|---|---|---|---|---|---|
| Biblioteca Prof. Eusebio Cleto del Rey | Biblioteca Prof. Eusebio Cleto del Rey | 07/04/2026 | 658 R631 5ed. | L129314 | 07/04/2026 | 07/04/2026 | Libro | PÁGINAS HUMEDAS EN EXTREMO SUPERIOR DERECHO DESDE PAG. 755 |